| 000 | 00670nam a22002297a 4500 | ||
|---|---|---|---|
| 999 |
_c3396 _d3396 |
||
| 003 | OSt | ||
| 005 | 20231220082817.0 | ||
| 008 | 231220b ||||| |||| 00| 0 eng d | ||
| 020 | _a9789670635637 | ||
| 040 | _cKH8 | ||
| 082 | _a400 SIT | ||
| 100 |
_aSiti Nur Ain _eauthor. |
||
| 245 |
_aEncik Polis, Tangkap Pencuri Itu! / _cSiti Nur Ain. |
||
| 260 |
_aSelangor ; _bPenerbitan Zamzam, _c2018. |
||
| 300 |
_a24 pages: _bcolor illustrations ; _c19 cm x 26 cm. |
||
| 440 | _aSiri Aku Negaraku | ||
| 650 |
_aCustoms, etiquette & folklore _vMalay |
||
| 650 | _aMalaysian fiction | ||
| 650 |
_aChildren's stories _vMalay |
||
| 830 | _aSiri Aku Negaraku | ||
| 942 |
_2ddc _cTR |
||